MARC

LEADER 00000nam0a2200000 4500
001 272360
005 20231101234527.0
020 |a RU  |b 82-70112 
035 |a (RuTPU)RU\TPU\book\295566 
090 |a 272360 
100 |a 20141017d1982 k y0rusy5003 ca 
101 0 |a rus 
102 |a RU 
105 |a a z 001zy 
200 1 |a Полевые шпаты - петрогенетические индикаторы  |f С. С. Кумеев 
210 |a Москва  |c Недра  |d 1982 
215 |a 207 с.  |c ил.  |d 21 см 
606 1 |a Горные породы  |2 stltpush  |3 (RuTPU)RU\TPU\subj\7929  |9 35440 
606 1 |a Полевой шпат  |x Минералогия  |2 stltpush  |3 (RuTPU)RU\TPU\subj\72329  |9 85890 
610 1 |a структура 
610 1 |a происхождение 
610 1 |a структура 
610 1 |a фазовые отношения 
610 1 |a номенклатура 
610 1 |a минералогия 
610 1 |a геология 
610 1 |a петрография 
675 |a 552  |z rus  |v 3 
675 |a 549.65  |z rus  |v 3 
700 1 |a Кумеев  |b С. С.  |4 070 
801 0 |a RU  |b RuMRKP  |c 19950704  |g psbo 
801 1 |a RU  |b 63413507  |c 20141017 
801 2 |a RU  |b 63413507  |c 20160531  |g RCR 
942 |c BK